Faculty of Law Library — Cairo University

Official Online Catalog

دليل الإدارة للمكتب المخطط المفتوح / (Record no. 58291)

MARC details
000 -LEADER
fixed length control field 01850nam a2200361 i 4500
003 - CONTROL NUMBER IDENTIFIER
control field EG-GICUC
005 - DATE AND TIME OF LATEST TRANSACTION
control field 20260121130441.0
008 - FIXED-LENGTH DATA ELEMENTS--GENERAL INFORMATION
fixed length control field 260120s1979 ua ad||f |||| 00| 0 ara d
017 ## - COPYRIGHT OR LEGAL DEPOSIT NUMBER
Copyright or legal deposit number 1979/2995
040 ## - CATALOGING SOURCE
Original cataloging agency EG-GICUC
Language of cataloging ara
Transcribing agency EG-GICUC
Modifying agency EG-GICUC
Description conventions rda
041 ## - LANGUAGE CODE
Language code of text/sound track or separate title ara
082 04 - DEWEY DECIMAL CLASSIFICATION NUMBER
Edition number 21
Classification number 345.6131
Item number ج ل . د
092 04 - LOCALLY ASSIGNED DEWEY CALL NUMBER (OCLC)
Edition number 21
099 ## - LOCAL FREE-TEXT CALL NUMBER (OCLC)
Classification number Law1 07 345.6131 ج ل . د 1979
100 0# - MAIN ENTRY--PERSONAL NAME
Personal name جلال شمس
Relator term مترجم.
245 10 - TITLE STATEMENT
Title دليل الإدارة للمكتب المخطط المفتوح /
Statement of responsibility, etc. ترجمة جلال شمس .
246 ## - VARYING FORM OF TITLE
Title proper/short title The Planned Open Office, Aprimer for Management
264 #1 - PRODUCTION, PUBLICATION, DISTRIBUTION, MANUFACTURE, AND COPYRIGHT NOTICE
Place of production, publication, distribution, manufacture القاهرة :
Name of producer, publisher, distributor, manufacturer المنظمة العربية للعلوم الإدارية ،
Date of production, publication, distribution, manufacture, or copyright notice 1979 .
300 ## - PHYSICAL DESCRIPTION
Extent 45 ؛ صفحة
Other physical details إيضاحيات، رسوم بيانية ؛
Dimensions 24 سم
336 ## - CONTENT TYPE
Source rda content
Content type term text
337 ## - MEDIA TYPE
Source rda media
Media type term Computer
338 ## - CARRIER TYPE
Source rda carrier
Carrier type term Online Resource
490 ## - SERIES STATEMENT
Series statement سلسلة الفكر الإداري المعاصر
Volume/sequential designation 49
504 ## - BIBLIOGRAPHY, ETC. NOTE
Bibliography, etc. note . ببليوجرافيا: صفحة 5.
505 ## - FORMATTED CONTENTS NOTE
Formatted contents note يشمل هذا العرض ترجمة لكتيب بعنوان : دليل الادارة للمكتب المخطط المفتوح ، أصدرته إدارة البيئة بمديرية تطوير المباني ، بالمكتب الملكي<br/>للخدمات المكتبية بلندن عام 1971 .<br/><br/>Depertment of the Environment, Directorate of Building Development, “ The planned open office : Aprimer for Management :<br/>(London : Her Majesty's Stationery Office, 1971).
650 14 - SUBJECT ADDED ENTRY--TOPICAL TERM
Topical term or geographic name entry element المنشورات وتعليمات الادارة
Source of heading or term qrmak
650 14 - SUBJECT ADDED ENTRY--TOPICAL TERM
Topical term or geographic name entry element القانون الإداري
651 1# - SUBJECT ADDED ENTRY--GEOGRAPHIC NAME
Source of heading or term qrmak
830 ## - SERIES ADDED ENTRY--UNIFORM TITLE
Uniform title سلسلة الفكر الإداري المعاصر
Volume/sequential designation 49
856 40 - ELECTRONIC LOCATION AND ACCESS
Uniform Resource Identifier <a href="https://fll.law.cu.edu.eg/fulltext/bks/B07-00214.pdf">https://fll.law.cu.edu.eg/fulltext/bks/B07-00214.pdf</a>
905 ## - Cataloger and Reviser Names
Cataloger Name: Yasmin Essam
942 ## - ADDED ENTRY ELEMENTS (KOHA)
Source of classification or shelving scheme Dewey Decimal Classification
Koha item type Books
Edition 21
Suppress in OPAC No
Holdings
Withdrawn status Lost status Source of classification or shelving scheme Materials specified (bound volume or other part) Damaged status Not for loan Collection Home library Current library Date acquired Total checkouts Full call number Barcode Date last seen Copy number Price effective from Koha item type
    Dewey Decimal Classification V49   Not for loan القانون الإداري جــــامعة القــاهرة مكتبة كلية الحقوق - المبنى الرئيسي 20.01.2026   Law1 07 345.6131 ج ل . د 1979 0700214 V49, C1 B07-00214 20.01.2026 1 20.01.2026 Books

© All rights reserved — Faculty of Law, Cairo University